[Event "Genova op 10th"]
[Site "Genova"]
[Date "2006.08.09"]
[Round "3"]
[White "Brun, Dario"]
[Black "Rodriguez, Alan"]
[Result "1-0"]
[WhiteElo "2040"]
[BlackElo "2169"]
[PlyCount "89"]
[EventDate "2006.08.07"]
[EventType "swiss"]
[EventRounds "9"]
[EventCountry "ITA"]
[SourceTitle "CBM 113 Extra"]
[Source "ChessBase"]
[SourceDate "2006.09.14"]
[SourceVersion "1"]
[SourceVersionDate "2006.09.14"]
[SourceQuality "1"]

1. d4 Nf6 2. c4 e6 3. Nf3 b6 4. g3 Bb4+ 5. Bd2 Be7 6. Bg2 Bb7 7. 0-0 0-0 8. Nc3 d6 9. Qc2 c5 10. d5 exd5 11. Nh4 Na6 12. cxd5 Re8 13. Nf5 Bf8 14. Bg5 h6 15. Bf4 Qd7 16. Bh3 Kh8 17. Qd2 g6 18. Bxh6 gxf5 19. Qg5 Bxh6 20. Qxh6+ Nh7 21. Qh5 f6 22. Bxf5 Re5 23. e4 Nb4 24. f4 Rxf5 25. Qxf5 Qxf5 26. exf5 Nc2 27. Rac1 Nd4 28. Rce1 Ba6 29. Rf2 Nxf5 30. Re6 Rd8 31. g4 Nh6 32. h3 Ng8 33. Ne4 Bc4 34. Nxd6 Rxd6 35. Rxd6 Ne7 36. Rd8+ Kg7 37. d6 Nc6 38. Rd7+ Kg8 39. Rc7 Nd4 40. d7 Ne6 41. Rc8+ Kf7 42. f5 Nhf8 43. Rxf8+ Kxf8 44. fxe6 Ke7 45. Rd2 1-0

[Event "Turin olympic op-A"]
[Site "Turin"]
[Date "2006.05.28"]
[Round "8"]
[White "Canonne, Antoine"]
[Black "Rodriguez, Alan"]
[Result "1/2-1/2"]
[WhiteElo "2052"]
[BlackElo "2178"]
[PlyCount "111"]
[EventDate "2006.05.22"]
[EventType "swiss"]
[EventRounds "9"]
[EventCountry "ITA"]
[SourceTitle "EXT 2011"]
[Source "ChessBase"]
[SourceDate "2010.11.26"]
[SourceVersion "1"]
[SourceVersionDate "2010.11.26"]
[SourceQuality "1"]

1. e4 c5 2. Nc3 e6 3. f4 d5 4. Bb5+ Nc6 5. Nf3 Nf6 6. exd5 exd5 7. 0-0 Be7 8. Ne5 Qd6 9. Re1 0-0 10. Bxc6 bxc6 11. d3 Re8 12. Bd2 Rb8 13. b3 Qc7 14. Qf3 Bd6 15. Na4 Nd7 16. Ng4 Rxe1+ 17. Rxe1 f5 18. Nf2 Nf6 19. h3 Bd7 20. c4 Rf8 21. Kh1 g6 22. g3 h5 23. Re2 Qb7 24. Qg2 Kf7 25. h4 Ng4 26. Nh3 Nf6 27. Qg1 d4 28. Qe1 Re8 29. Ng5+ Kf8 30. Rxe8+ Nxe8 31. Nf3 Ng7 32. Ne5 Be8 33. Kg2 Bf7 34. Nf3 Ne6 35. Ng5 Nc7 36. Ba5 Na6 37. Ne6+ Kg8 38. Kf3 Qd7 39. Ng5 Kg7 40. Qe2 Bg8 41. Qe1 Nb4 42. Bxb4 cxb4 43. Qe2 c5 44. Kf2 Kf6 45. Qf3 Qe8 46. Qe2 Qc8 47. Qf3 Kg7 48. Qe2 Kh6 49. Qe1 Qd7 50. Qe2 Kg7 51. Nb2 Kf6 52. Na4 Qc8 53. Nb2 Qc6 54. Qf3 Qxf3+ 55. Kxf3 Be6 56. Nxe6 1/2-1/2

[Event "Genova op 9th"]
[Site "Genova"]
[Date "2005.08.15"]
[Round "9"]
[White "Delorme, Axel"]
[Black "Rodriguez, Alan"]
[Result "1/2-1/2"]
[WhiteElo "2174"]
[BlackElo "2103"]
[PlyCount "44"]
[EventDate "2005.08.08"]
[EventType "swiss"]
[EventRounds "9"]
[EventCountry "ITA"]
[SourceTitle "CBM 107 Extra"]
[Source "ChessBase"]
[SourceDate "2005.09.01"]
[SourceVersion "1"]
[SourceVersionDate "2005.09.01"]
[SourceQuality "1"]

1. e4 c5 2. Nf3 Nc6 3. d4 cxd4 4. Nxd4 Nf6 5. Nc3 e5 6. Ndb5 d6 7. Bg5 a6 8. Na3 b5 9. Bxf6 gxf6 10. Nd5 Bg7 11. c3 Be6 12. Bd3 f5 13. Nxb5 Bxd5 14. exd5 Ne7 15. Na3 0-0 16. 0-0 e4 17. Bc4 Ng6 18. Qh5 Re8 19. Nc2 f4 20. Rae1 Re5 21. Qh3 f3 22. g3 Qg5 1/2-1/2

[Event "Genova op 9th"]
[Site "Genova"]
[Date "2005.08.10"]
[Round "3"]
[White "Rodriguez, Alan"]
[Black "Ranola, Yves"]
[Result "0-1"]
[WhiteElo "2103"]
[BlackElo "2466"]
[PlyCount "54"]
[EventDate "2005.08.08"]
[EventType "swiss"]
[EventRounds "9"]
[EventCountry "ITA"]
[SourceTitle "CBM 107 Extra"]
[Source "ChessBase"]
[SourceDate "2005.09.01"]
[SourceVersion "1"]
[SourceVersionDate "2005.09.01"]
[SourceQuality "1"]

1. e4 c5 2. Nf3 Nc6 3. d4 cxd4 4. Nxd4 g6 5. Be3 Bg7 6. c4 Nf6 7. Nc3 d6 8. Be2 0-0 9. 0-0 Bd7 10. Kh1 Nxd4 11. Bxd4 Bc6 12. Nd5 e5 13. Nxf6+ Qxf6 14. Bc3 Bxe4 15. f4 Qe7 16. Qe1 Rfe8 17. c5 exf4 18. Bb5 Bxg2+ 19. Kxg2 Qg5+ 20. Kf3 Rxe1 21. Raxe1 Bxc3 22. bxc3 Qxc5 23. c4 d5 24. Re5 a6 25. Bd7 Qxc4 26. Rd1 Qc3+ 27. Kxf4 Qc7 0-1

[Event "Ivrea op 11th"]
[Site "Ivrea"]
[Date "2005.05.27"]
[Round "1"]
[White "Rodriguez, Alan"]
[Black "Gussone, Claudio"]
[Result "1/2-1/2"]
[WhiteElo "2103"]
[BlackElo "1911"]
[PlyCount "99"]
[EventDate "2005.05.27"]
[EventType "swiss"]
[EventRounds "5"]
[EventCountry "ITA"]
[SourceTitle "EXT 2008"]
[Source "ChessBase"]
[SourceDate "2007.11.25"]
[SourceVersion "1"]
[SourceVersionDate "2007.11.25"]
[SourceQuality "1"]

1. e4 d6 2. d4 Nf6 3. Nc3 g6 4. f4 Bg7 5. Nf3 0-0 6. Bc4 Nxe4 7. Nxe4 d5 8. Bd3 dxe4 9. Bxe4 c6 10. 0-0 Bg4 11. c3 Nd7 12. h3 Nf6 13. Bd3 Bxf3 14. Qxf3 Qd5 15. Qe2 e6 16. Bd2 Rfd8 17. Bc4 Qe4 18. Rae1 Qxe2 19. Rxe2 Rd7 20. Be1 Nd5 21. Bh4 b5 22. Bxd5 cxd5 23. g4 b4 24. f5 exf5 25. gxf5 bxc3 26. f6 Bf8 27. bxc3 h6 28. Rfe1 Kh7 29. Re8 Rdd8 30. Rxd8 Rxd8 31. Rb1 Rd7 32. Bg3 g5 33. Rb5 Kg6 34. Be5 Kf5 35. c4 dxc4 36. Bd6+ Kg6 37. Bxf8 Rxd4 38. Bb4 Rd3 39. Rc5 Rxh3 40. Rxc4 h5 41. a4 Rf3 42. Bc3 Re3 43. a5 a6 44. Kf2 Re6 45. Rb4 Rc6 46. Be1 Rxf6+ 47. Kg2 Re6 48. Rb6 Kf5 49. Bf2 f6 50. Bg3 1/2-1/2

[Event "Genova Ducale op"]
[Site "Genova"]
[Date "2004.07.10"]
[Round "8"]
[White "Rodriguez, Alan"]
[Black "Schmitz, Andreas Arnold"]
[Result "1/2-1/2"]
[WhiteElo "2071"]
[BlackElo "2222"]
[PlyCount "103"]
[EventDate "2004.07.??"]
[EventType "swiss"]
[EventRounds "9"]
[EventCountry "ITA"]
[SourceTitle "EXT 2005"]
[Source "ChessBase"]
[SourceDate "2004.11.15"]
[SourceVersion "1"]
[SourceVersionDate "2004.11.15"]
[SourceQuality "1"]

1. e4 e6 2. d4 d5 3. Nd2 Nf6 4. e5 Nfd7 5. Bd3 c5 6. c3 Nc6 7. Ne2 cxd4 8. cxd4 Qb6 9. Nf3 Bb4+ 10. Bd2 Bxd2+ 11. Qxd2 Qb4 12. a3 Qxd2+ 13. Nxd2 Nb6 14. Rc1 Bd7 15. b4 Na4 16. Rc2 a5 17. b5 Na7 18. b6 Nxb6 19. Nb3 Nb5 20. Nc5 Nxa3 21. Rb2 Nbc4 22. Rxb7 Bc8 23. Rb3 0-0 24. Nf4 Ba6 25. Nxa6 a4 26. Rxa3 Nxa3 27. Kd2 Rfc8 28. Nc5 Rcb8 29. Ra1 Nb5 30. Bxb5 Rxb5 31. Rxa4 Rxa4 32. Nxa4 Rb4 33. Nc3 Rxd4+ 34. Ke3 Rc4 35. Nfe2 d4+ 36. Kd3 Rxc3+ 37. Nxc3 dxc3 38. Kxc3 g5 39. Kd4 Kg7 40. f4 g4 41. Kc5 Kf8 42. Kd6 Ke8 43. Kc5 Kf8 44. Kd4 Kg7 45. Ke3 Kh6 46. Kf2 Kg6 47. Ke3 Kh6 48. Ke4 Kg6 49. Ke3 Kh6 50. Kd4 Kg7 51. h3 gxh3 52. gxh3 1/2-1/2

[Event "Genova Ducale op"]
[Site "Genova"]
[Date "2004.07.06"]
[Round "3"]
[White "Brancaleoni, Maurizio"]
[Black "Rodriguez, Alan"]
[Result "1-0"]
[WhiteElo "2298"]
[BlackElo "2071"]
[PlyCount "118"]
[EventDate "2004.07.??"]
[EventType "swiss"]
[EventRounds "9"]
[EventCountry "ITA"]
[SourceTitle "EXT 2005"]
[Source "ChessBase"]
[SourceDate "2004.11.15"]
[SourceVersion "1"]
[SourceVersionDate "2004.11.15"]
[SourceQuality "1"]

1. Nf3 Nf6 2. c4 c5 3. g3 g6 4. Bg2 Bg7 5. 0-0 0-0 6. d4 d6 7. Nc3 cxd4 8. Nxd4 Nbd7 9. b3 d5 10. cxd5 Nb6 11. e4 Bg4 12. f3 Nfxd5 13. exd5 Nxd5 14. Nxd5 Qxd5 15. Be3 Qe5 16. Bf2 Bd7 17. f4 Qa5 18. a3 Rad8 19. Qe1 Qa6 20. Qb4 Bg4 21. h3 Qd3 22. hxg4 Bxd4 23. Bxd4 Rxd4 24. Rf3 Qe4 25. Qe1 Qd5 26. Rd3 Qc5 27. Qe3 Rfd8 28. Rad1 Rxd3 29. Rxd3 Qc7 30. Rxd8+ Qxd8 31. Qxa7 Qd1+ 32. Kh2 Qxb3 33. Qb8+ Kg7 34. Qe5+ Kg8 35. Qxe7 b6 36. g5 Kg7 37. Qb4 Qe3 38. Qd6 Qb3 39. Qe5+ Kg8 40. Qe8+ Kg7 41. Qe5+ Kg8 42. Bd5 Qc2+ 43. Kh3 Qc8+ 44. Kh4 Qd7 45. Bb3 Qb7 46. Qd5 Qe7 47. Kh3 Qc7 48. Kg2 Qe7 49. Kf3 Qe8 50. Qb7 b5 51. Bd5 Kg7 52. Qxf7+ Qxf7 53. Bxf7 Kxf7 54. Ke4 Ke6 55. g4 Kd6 56. Kd4 Kc6 57. f5 Kd6 58. f6 Ke6 59. Kc5 h6 1-0

[Event "Genova Spring 7th"]
[Site "Genova"]
[Date "2004.03.14"]
[Round "4"]
[White "De Florio, Federico"]
[Black "Rodriguez, Alan"]
[Result "1-0"]
[WhiteElo "1846"]
[BlackElo "2070"]
[PlyCount "97"]
[EventDate "2004.03.12"]
[EventType "swiss"]
[EventRounds "5"]
[EventCountry "ITA"]
[SourceTitle "EXT 2024"]
[Source "ChessBase"]
[SourceDate "2023.10.10"]
[SourceVersion "1"]
[SourceVersionDate "2023.10.10"]
[SourceQuality "1"]

1. d4 Nf6 2. c4 e6 3. Nc3 Bb4 4. Qc2 0-0 5. e4 c5 6. Nf3 Nc6 7. dxc5 Bxc3+ 8. bxc3 Qa5 9. Bd3 h6 10. 0-0 Qxc5 11. a4 Re8 12. Ba3 Qh5 13. Bd6 e5 14. c5 g5 15. Rae1 g4 16. Nd2 Nd8 17. Nc4 b6 18. Re3 bxc5 19. Rg3 Nb7 20. h3 Kh8 21. Qd2 Re6 22. Bf8 Kh7 23. hxg4 Qg5 24. Qxg5 hxg5 25. a5 Kg8 26. Bh6 Nh7 27. Rh3 Nd8 28. Rh5 f6 29. Ne3 Ba6 30. Bb1 Rc8 31. Ba2 c4 32. Rd1 Bb5 33. Nf5 Nb7 34. a6 Na5 35. Nd6 Rxd6 36. Rxd6 Nb3 37. f4 Nc1 38. Rd2 exf4 39. e5 Rc5 40. exf6 Re5 41. Kf2 d5 42. Bb1 Nxf6 43. Rxg5+ Rxg5 44. Bxg5 Nxg4+ 45. Kf3 Nb3 46. Re2 Nc1 47. Re7 Nh2+ 48. Kxf4 Ne2+ 49. Rxe2 1-0

[Event "ITA-chT A1 34th"]
[Site "Italy"]
[Date "2004.03.07"]
[Round "2"]
[White "Rodriguez, Alan"]
[Black "Aranovitch, Emiliano"]
[Result "0-1"]
[WhiteElo "2070"]
[BlackElo "2300"]
[PlyCount "54"]
[EventDate "2004.03.06"]
[EventType "team"]
[EventRounds "5"]
[EventCountry "ITA"]
[SourceTitle "EXT 2007"]
[Source "ChessBase"]
[SourceDate "2006.11.23"]
[SourceVersion "1"]
[SourceVersionDate "2006.11.23"]
[SourceQuality "1"]

1. d4 Nf6 2. c4 c5 3. d5 g6 4. Nc3 Bg7 5. Nf3 d6 6. h3 0-0 7. e4 e6 8. Bd3 exd5 9. cxd5 a6 10. a4 Re8 11. Bf4 Nxe4 12. Bxe4 Bxc3+ 13. bxc3 Rxe4+ 14. Be3 Nd7 15. 0-0 Nb6 16. Qb3 Bd7 17. Rfb1 Nxa4 18. Qxb7 Bb5 19. Bg5 Qc8 20. Qxc8+ Rxc8 21. Nd2 Nxc3 22. Nxe4 Nxe4 23. Bf4 Nc3 24. Bxd6 Nxb1 25. Rxb1 f6 26. Rd1 c4 27. Kf1 c3+ 0-1